El pensamiento judío como factor de civilización

Tallennettuna:
Bibliografiset tiedot
Päätekijä: Roth, León (Tekijä)
Aineistotyyppi: Kirja
Kieli:espanja
Julkaistu: París Unesco 1954
Sarja:La Cuestión Radical y el Pensamiento Moderno
Aiheet:
Tagit: Lisää tagi
Ei tageja, Lisää ensimmäinen tagi!

MARC

LEADER 00000nam a2200000 a 4500
001 UCP5287
003 CL-VaPUC
008 990903e19540000FR |||||||||||||||||spa|d
082 0 4 |a 296  |b ROT  |2 21 
100 0 |a Roth, León  |e author  |9 433602 
245 1 3 |a El pensamiento judío como factor de civilización 
300 |a 68 p 
942 |c BK 
945 |d 19990903 00:00:00  |a crobeson 
260 |a París  |b Unesco  |c 1954 
650 0 |a Judaísmo  |9 269348 
650 0 |a Antisemitismo  |9 314513 
650 0 |a Racismo  |9 255805 
583 |a last modification  |c 19990903 00:00:00  |k Rodrigo Vera 
490 0 |a La Cuestión Radical y el Pensamiento Moderno 
999 |c 283055  |d 283053 
952 |0 0  |1 0  |4 0  |6 296_000000000000000_ROT_1954  |7 0  |8 A  |9 325809  |a BIBHIS  |b BIBHIS  |d 2019-11-20  |i 135714K  |o 296 ROT 1954  |p 135714K  |r 2025-01-20  |w 2019-11-20  |y BK  |k HIS 
952 |0 0  |1 0  |4 0  |6 296_000000000000000_ROT_1954  |7 0  |8 A  |9 325810  |a BIBHIS  |b BIBHIS  |d 2019-11-20  |i 1357158  |o 296 ROT 1954  |p 1357158  |r 2025-01-20  |w 2019-11-20  |y BK  |k HIS